000 02750nam0a2200421 4500
001 RU\NLR\BIBL_A\012137747
005 20191129163249.0
010 _a978-5-16-013228-0
_9500
021 _aRU
_bКН-П-19-077210
_9КН-П-19-5581
035 _a(NLR Aleph) 012137747
035 _a(RuMoRGB)010119188
090 _a12081970
_c12081970
100 _a20191114d2019 k y0rusy50 ca
101 0 _arus
_deng
_eeng
_ieng
102 _aRU
105 _ay|||z|||000zy
200 1 _aНовые направления развития уголовного законодательства в зарубежных государствах: сравнительно-правовое исследование
_dNew directions of the development of criminal legislation in foreign countries: comparative law research
_eмонография
_f[Артемов В.Ю., канд. юрид. наук, Власов И.С., канд. юрид. наук, заслуженный юрист РФ, доцент, Голованова Н.А., канд. юрид. наук, заслуженный юрист РФ и др.]
_gответственные редакторы: Н.А. Голованова, С.П. Кубанцев
_gИнститут законодательства и сравнительного правоведения при Правительстве Российской Федерации
_zeng
210 _aМосква
_cюридическая фирма "Контракт"
_d2019
215 _a422, [1] с.
_cтабл.
_d21
300 _aАвт. указаны на с. 7
300 _aРез. англ.
320 _aБиблиогр. в подстроч. примеч.
510 1 _aNew directions of the development of criminal legislation in foreign countries: comparative law research
_zeng
606 1 _aУголовное право
_xСравнительно-правовые исследования
_2nlr_sh1
_2nlr_sh2
_3RU\NLR\AUTH\66981049
686 1 _aХ99
686 1 _aХ628.1
686 1 _aХ881
701 1 _aАртемов
_bВ. Ю.
_gВладислав Юрьевич
701 1 _aВласов
_bИ. С.
_cканд. юрид. наук
_gИлья Семенович
_3RU\NLR\AUTH\7792827
701 1 _aГолованова
_bН. А.
_gНаталья Александровна
_3RU\NLR\AUTH\77123050
702 1 _aГолованова
_bН. А.
_gНаталья Александровна
_3RU\NLR\AUTH\77123050
_4340
712 0 2 _aИнститут законодательства и сравнительного правоведения
_cМосква
_3RU\NLR\AUTH\889936225
_4570
942 _cBOOK
980 _aNBR
980 _aNB